Die neuen Energiesparhäuser

Gespeichert in:
Bibliographische Detailangaben
1. Verfasser: Brand, C. (Verfasst von)
Format: Buch
Veröffentlicht: Callwey, 1997
Tags: Tag hinzufügen
Keine Tags, Fügen Sie das erste Tag hinzu!

MARC

LEADER 00000nam a22000003a 4500
001 stu125999
005 20150617225909.5
008 060912s1997----------------------------d
040 |a STU  |b slo 
041 0
100 1 |a Brand, C.  |4 aut 
245 1 |a Die neuen Energiesparhäuser 
260 |b Callwey,  |c 1997 
996 |b 284AU04145  |c A*3219 U  |l AAKNAR  |s A  |a 24  |w stu125999_0001